[Event "11. Europa ch 2010 Femenino"]
[Site "Rijeka CRO"]
[Date "2010.03.15"]
[Round "9.61"]
[White "Trofimova, Antonina"]
[Black "Zimina, Olga"]
[Result "1/2-1/2"]
[WhiteElo "2182"]
[BlackElo "2319"]
[PlyCount "64"]
[EventDate "2010.03.06"]
[EventType "swiss"]
[EventRounds "11"]
[EventCountry "CRO"]
[Source "lmi"]
[SourceDate "2010.03.06"]

1. e4 c6 2. d4 d5 3. exd5 cxd5 4. c4 Nf6 5. Nc3 g6 6. Qb3 Bg7 7. cxd5 O-O 8.
Nge2 Na6 9. g3 b5 10. Bg2 b4 11. Nd1 Bd7 12. O-O Rc8 13. Re1 Bb5 14. Ne3 Ne8
15. Bd2 Bxe2 16. Rxe2 Bxd4 17. Bxb4 Rb8 18. a3 Nxb4 19. axb4 Nd6 20. Nc2 Bb6
21. Qd3 Qd7 22. Nd4 Bxd4 23. Qxd4 Rb6 24. h4 Rfb8 25. h5 Nf5 26. Qd2 Rxb4 27.
hxg6 hxg6 28. Bh3 Rxb2 29. Qxb2 Rxb2 30. Rxb2 Qxd5 31. Bxf5 gxf5 32. Rba2 e6
1/2-1/2

[Event "11. Europa ch 2010 Femenino"]
[Site "Rijeka CRO"]
[Date "2010.03.15"]
[Round "9.62"]
[White "Kushka, Alena"]
[Black "Zakurdjaeva, Irina"]
[Result "1-0"]
[WhiteElo "2164"]
[BlackElo "2313"]
[PlyCount "61"]
[EventDate "2010.03.06"]
[EventType "swiss"]
[EventRounds "11"]
[EventCountry "CRO"]
[Source "lmi"]
[SourceDate "2010.03.06"]

1. d4 f5 2. c4 Nf6 3. g3 e6 4. Bg2 Be7 5. Nf3 O-O 6. O-O c6 7. b3 b6 8. Bb2 Ba6
9. Ne5 Qc7 10. Nd2 d6 11. Nd3 Nbd7 12. Nf4 Rfe8 13. Nxe6 Qb7 14. b4 d5 15. b5
cxb5 16. cxd5 Bd6 17. Qb3 Rac8 18. a3 Nf8 19. Rfe1 Qd7 20. e4 fxe4 21. Nxe4
Nxe4 22. Bxe4 Bb7 23. Qf3 g6 24. Re3 Qe7 25. Qg4 Kh8 26. Rae1 Nd7 27. Qh3 Rg8
28. Bxg6 Rxg6 29. Nf4 Qf7 30. Nxg6+ Qxg6 31. Qxd7 1-0

[Event "11. Europa ch 2010 Femenino"]
[Site "Rijeka CRO"]
[Date "2010.03.15"]
[Round "9.63"]
[White "Toma, Katarzyna"]
[Black "Makka, Ioulia"]
[Result "1-0"]
[WhiteElo "2259"]
[BlackElo "2180"]
[PlyCount "63"]
[EventDate "2010.03.06"]
[EventType "swiss"]
[EventRounds "11"]
[EventCountry "CRO"]
[Source "lmi"]
[SourceDate "2010.03.06"]

1. e4 e6 2. d4 d5 3. Nc3 Nf6 4. Bg5 dxe4 5. Nxe4 Nbd7 6. Nf3 h6 7. Nxf6+ Nxf6
8. Bd2 c5 9. Bd3 cxd4 10. Qe2 Qb6 11. O-O Bc5 12. a4 a5 13. Ne5 Qc7 14. Rfe1
Bd6 15. Bb5+ Ke7 16. Bf4 Rd8 17. Rad1 Qc5 18. Rd2 Bc7 19. Qf3 Bxe5 20. Bxe5 Rd5
21. Qf4 Nh5 22. Qh4+ g5 23. Qe4 f5 24. Qe2 Nf4 25. Bxf4 gxf4 26. Qh5 e5 27.
Qxh6 Be6 28. Qh7+ Kf6 29. Rd3 Rg8 30. Rh3 Rg6 31. Qh8+ Rg7 32. Rh6+ 1-0

[Event "11. Europa ch 2010 Femenino"]
[Site "Rijeka CRO"]
[Date "2010.03.15"]
[Round "9.64"]
[White "Jelica, Mara"]
[Black "Efroimski, Marsel"]
[Result "1-0"]
[WhiteElo "2235"]
[BlackElo "2178"]
[PlyCount "129"]
[EventDate "2010.03.06"]
[EventType "swiss"]
[EventRounds "11"]
[EventCountry "CRO"]
[Source "lmi"]
[SourceDate "2010.03.06"]

1. e4 c6 2. d4 d5 3. Nd2 dxe4 4. Nxe4 Bf5 5. Ng3 Bg6 6. h4 h6 7. Nf3 e6 8. Ne5
Bh7 9. Bd3 Bxd3 10. Qxd3 Nf6 11. Bd2 Nbd7 12. f4 Be7 13. O-O-O Nd5 14. Nh5 Bf8
15. f5 Nxe5 16. dxe5 exf5 17. c4 Ne7 18. Qe2 Qb6 19. Bc3 Rd8 20. Nf6+ gxf6 21.
exf6 Rg8 22. fxe7 Bxe7 23. Bf6 Qc7 24. Rxd8+ Kxd8 25. Rd1+ Ke8 26. Re1 Rg6 27.
Qxe7+ Qxe7 28. Bxe7 Rxg2 29. Bg5+ Kd7 30. Bxh6 f6 31. Rh1 Rg4 32. b3 f4 33. Kd1
Ke6 34. Bf8 Kf7 35. Bc5 Rg2 36. a3 a5 37. Rh3 b5 38. cxb5 cxb5 39. h5 Kg7 40.
Ke1 a4 41. h6+ Kh7 42. Bf8 Rb2 43. bxa4 bxa4 44. Rh4 Rb8 45. Bb4 Rb6 46. Bd2
Rb1+ 47. Ke2 f3+ 48. Kxf3 Rb3+ 49. Ke2 Rxa3 50. Rb4 Kg6 51. Rg4+ Kf7 52. Rg7+
Ke6 53. Be3 Ra2+ 54. Kf3 Rh2 55. Ra7 Rh4 56. Bf4 Kf5 57. Ra5+ Kg6 58. Rxa4 Rh3+
59. Kf2 Kf5 60. Be3 Ke5 61. Kg2 Rxe3 62. h7 Re2+ 63. Kg3 Re3+ 64. Kg4 f5+ 65.
Kh4 1-0

[Event "11. Europa ch 2010 Femenino"]
[Site "Rijeka CRO"]
[Date "2010.03.15"]
[Round "9.65"]
[White "Haast, Anne"]
[Black "Kharatyan, Anahit"]
[Result "1-0"]
[WhiteElo "2235"]
[BlackElo "2117"]
[PlyCount "101"]
[EventDate "2010.03.06"]
[EventType "swiss"]
[EventRounds "11"]
[EventCountry "CRO"]
[Source "lmi"]
[SourceDate "2010.03.06"]

1. e4 e5 2. Nf3 d6 3. d4 Nf6 4. Nc3 Nbd7 5. Bc4 Be7 6. O-O c6 7. a4 O-O 8. Re1
b6 9. d5 cxd5 10. Nxd5 Bb7 11. b3 Rc8 12. Re2 Nxd5 13. Bxd5 Bxd5 14. Qxd5 Nf6
15. Qd1 d5 16. exd5 Qxd5 17. Qxd5 Nxd5 18. Nxe5 Rfe8 19. Nc4 Bf6 20. Rxe8+ Rxe8
21. Bb2 Bxb2 22. Nxb2 Re2 23. Rc1 g5 24. Kf1 Re8 25. Rd1 Nb4 26. Rd2 Kg7 27.
Nc4 Re7 28. c3 Na6 29. b4 Kf6 30. a5 b5 31. Nd6 Nc7 32. Nc8 Re4 33. Nxa7 Rc4
34. Rd3 Ke6 35. Nc8 f5 36. Nb6 Rc6 37. Nd7 Na6 38. Nf8+ Ke5 39. Nxh7 g4 40. Nf8
Ke4 41. Ke2 f4 42. f3+ gxf3+ 43. gxf3+ Ke5 44. Nd7+ Ke6 45. h4 Ke7 46. Nb6 Ke6
47. h5 Nc7 48. h6 Ke5 49. h7 Rh6 50. Rd7 Ne6 51. a6 1-0

[Event "11. Europa ch 2010 Femenino"]
[Site "Rijeka CRO"]
[Date "2010.03.15"]
[Round "9.66"]
[White "Fuchs, Judith"]
[Black "Cherednichenko, Elena"]
[Result "1/2-1/2"]
[WhiteElo "2222"]
[BlackElo "2100"]
[PlyCount "41"]
[EventDate "2010.03.06"]
[EventType "swiss"]
[EventRounds "11"]
[EventCountry "CRO"]
[Source "lmi"]
[SourceDate "2010.03.06"]

1. e4 e5 2. Nf3 Nc6 3. Bc4 Bc5 4. d3 Nf6 5. Bb3 d6 6. c3 a6 7. O-O O-O 8. Nbd2
Ba7 9. h3 h6 10. Nc4 b5 11. Ne3 Ne7 12. Nh4 Be6 13. Qf3 Kh7 14. Nef5 Nxf5 15.
Nxf5 Ng8 16. g4 g6 17. Ne3 c6 18. Kh1 a5 19. Bc2 d5 20. Qg3 Bb8 21. Ng2 1/2-1/2

[Event "11. Europa ch 2010 Femenino"]
[Site "Rijeka CRO"]
[Date "2010.03.15"]
[Round "9.67"]
[White "Berke, Ana"]
[Black "Brunello, Marina"]
[Result "1-0"]
[WhiteElo "2097"]
[BlackElo "2217"]
[PlyCount "137"]
[EventDate "2010.03.06"]
[EventType "swiss"]
[EventRounds "11"]
[EventCountry "CRO"]
[Source "lmi"]
[SourceDate "2010.03.06"]

1. e4 c5 2. Nf3 d6 3. d4 cxd4 4. Qxd4 Nc6 5. Bb5 Bd7 6. Bxc6 Bxc6 7. Nc3 Nf6 8.
Bg5 e6 9. O-O-O Be7 10. Qd3 Qa5 11. h4 Rd8 12. Nd4 h6 13. Bxf6 Bxf6 14. f4 h5
15. f5 e5 16. Nde2 b5 17. Kb1 b4 18. Nd5 Qc5 19. Ng3 a5 20. Qe2 Rc8 21. Rd2 Ba4
22. Qd1 Rh6 23. b3 Bc6 24. Nxf6+ gxf6 25. Re1 a4 26. Nxh5 a3 27. g4 Ke7 28.
Nxf6 Rxh4 29. g5 Bb7 30. Qc1 Rf4 31. Nd5+ Bxd5 32. f6+ Kd7 33. Rxd5 Qc3 34.
Red1 Rxe4 35. Rxd6+ Ke8 36. R6d3 Qc5 37. Qd2 Rd4 38. Rxd4 exd4 39. Re1+ Kd8 40.
Re4 Rc7 41. Rxd4+ Kc8 42. Rd8+ Kb7 43. Qd5+ Kb6 44. Rb8+ Ka5 45. Qxc5+ Rxc5 46.
Rg8 Rf5 47. Kc1 Kb6 48. Kd2 Rf1 49. Rg7 Rg1 50. Ke2 Kc5 51. g6 Rg2+ 52. Kf1 Rg4
53. gxf7 Rf4+ 54. Ke2 Rxf6 55. Ke3 Rf1 56. Ke4 Kd6 57. Kd4 Rf4+ 58. Ke3 Rf1 59.
Ke4 Ke7 60. Kd3 Rf4 61. Rh7 Rg4 62. Rh2 Kxf7 63. Re2 Rg3+ 64. Kc4 Rg4+ 65. Kc5
Kf6 66. Kb5 Rh4 67. Re8 Rd4 68. Rc8 Ke6 69. Rc4 1-0

[Event "11. Europa ch 2010 Femenino"]
[Site "Rijeka CRO"]
[Date "2010.03.15"]
[Round "9.70"]
[White "Drljevic, Ljilja"]
[Black "Kanceljak, Dalia"]
[Result "1-0"]
[WhiteElo "2248"]
[BlackElo "1939"]
[PlyCount "69"]
[EventDate "2010.03.06"]
[EventType "swiss"]
[EventRounds "11"]
[EventCountry "CRO"]
[Source "lmi"]
[SourceDate "2010.03.06"]

1. g3 g6 2. Bg2 Bg7 3. Nf3 d5 4. O-O Nf6 5. d3 O-O 6. Nbd2 Nc6 7. e4 dxe4 8.
dxe4 e5 9. c3 h6 10. Qe2 a6 11. Nc4 Qe7 12. Rd1 Bg4 13. Ne3 Qe6 14. Nxg4 Qxg4
15. Re1 Qe6 16. Nd2 Rfd8 17. Nb3 b6 18. Nd2 Bf8 19. Nc4 Nb8 20. b4 Nbd7 21. Ne3
c6 22. a3 a5 23. Bb2 b5 24. Rad1 Be7 25. f4 exf4 26. gxf4 Nxe4 27. f5 gxf5 28.
Nxf5 Qxf5 29. Bxe4 Qg5+ 30. Kh1 Kf8 31. Bxc6 Ra7 32. c4 Nf6 33. Rxd8+ Bxd8 34.
Qe8+ Kg7 35. Qxd8 1-0

[Event "11. Europa ch 2010 Femenino"]
[Site "Rijeka CRO"]
[Date "2010.03.15"]
[Round "9.71"]
[White "Boyarchenko, Marie"]
[Black "Semenova, Elena"]
[Result "1-0"]
[WhiteElo "2009"]
[BlackElo "2195"]
[PlyCount "79"]
[EventDate "2010.03.06"]
[EventType "swiss"]
[EventRounds "11"]
[EventCountry "CRO"]
[Source "lmi"]
[SourceDate "2010.03.06"]

1. e4 e5 2. Bc4 Nf6 3. d3 Nc6 4. Nf3 h6 5. c3 d6 6. O-O g6 7. Nbd2 Bg7 8. Re1
Na5 9. Bb5+ c6 10. Ba4 b5 11. Bc2 c5 12. d4 Qc7 13. Nf1 O-O 14. d5 c4 15. Ng3
Nb7 16. a4 Bd7 17. axb5 Bxb5 18. h3 Nc5 19. Nh2 Kh7 20. Ng4 Qe7 21. Nf1 a5 22.
Nxf6+ Bxf6 23. Be3 Rfc8 24. Nd2 Bg5 25. Bxc5 Rxc5 26. Nb1 Ba6 27. Ba4 Rb8 28.
Re2 Bc8 29. Na3 f5 30. f3 Bf4 31. Qe1 Qg5 32. Kh1 Bg3 33. Qc1 Qh5 34. Qf1 Rb7
35. Bc6 Rf7 36. Nb1 fxe4 37. Rxe4 Bxh3 38. gxh3 Rxf3 39. Qg2 Bf2 40. Bd7 1-0

[Event "11. Europa ch 2010 Femenino"]
[Site "Rijeka CRO"]
[Date "2010.03.15"]
[Round "9.74"]
[White "Starcevic, Andrea"]
[Black "Van Weersel, Arlette"]
[Result "0-1"]
[WhiteElo "1712"]
[BlackElo "2197"]
[PlyCount "56"]
[EventDate "2010.03.06"]
[EventType "swiss"]
[EventRounds "11"]
[EventCountry "CRO"]
[Source "lmi"]
[SourceDate "2010.03.06"]

1. c4 Nf6 2. Nc3 g6 3. d4 d5 4. e3 Bg7 5. Nf3 O-O 6. h3 b6 7. Be2 Bb7 8. O-O
Nbd7 9. b3 c5 10. Bb2 cxd4 11. Nxd4 dxc4 12. Bxc4 a6 13. Be2 e5 14. Nf3 Qe7 15.
a3 Rfd8 16. b4 Rac8 17. Qb3 e4 18. Nd4 Ne5 19. Rfd1 h6 20. Rac1 Nh7 21. Qa2 Ng5
22. Kh1 Qf6 23. Rf1 Nef3 24. Nxf3 exf3 25. gxf3 Bxf3+ 26. Kg1 Nxh3+ 27. Kh2 Ng5
28. Nd1 Qd6+ 0-1

[Event "11. Europa ch 2010 Femenino"]
[Site "Rijeka CRO"]
[Date "2010.03.15"]
[Round "9.75"]
[White "Racki, Barbara"]
[Black "Coimbra, Margarida"]
[Result "1/2-1/2"]
[WhiteElo "1698"]
[BlackElo "2123"]
[PlyCount "57"]
[EventDate "2010.03.06"]
[EventType "swiss"]
[EventRounds "11"]
[EventCountry "CRO"]
[Source "lmi"]
[SourceDate "2010.03.06"]

1. e4 e5 2. Nf3 Nc6 3. d4 exd4 4. Nxd4 Bc5 5. Be3 Qf6 6. c3 Nge7 7. Bc4 Ne5 8.
Be2 Qg6 9. O-O d6 10. f3 O-O 11. Kh1 d5 12. Nd2 dxe4 13. Nxe4 Nd5 14. Bf2 Bb6
15. Qc1 f5 16. Ng3 Kh8 17. a3 f4 18. Ne4 c5 19. Nb5 c4 20. Bd4 Ne3 21. Rf2 Bxd4
22. cxd4 N5g4 23. fxg4 Qxe4 24. Bxc4 Bxg4 25. Nd6 Qxd4 26. Nf7+ Kg8 27. Nh6+
Kh8 28. Nf7+ Kg8 29. Nh6+ 1/2-1/2

[Event "11. Europa ch 2010 Femenino"]
[Site "Rijeka CRO"]
[Date "2010.03.15"]
[Round "9.79"]
[White "Batory, Lucija"]
[Black "Samanic, Verena"]
[Result "0-1"]
[WhiteElo "1575"]
[BlackElo "1607"]
[PlyCount "94"]
[EventDate "2010.03.06"]
[EventType "swiss"]
[EventRounds "11"]
[EventCountry "CRO"]
[Source "lmi"]
[SourceDate "2010.03.06"]

1. e4 e5 2. Nf3 Nc6 3. Bb5 d6 4. h3 Bd7 5. Nc3 Nf6 6. d3 Be7 7. Bg5 O-O 8. O-O
h6 9. Bh4 Rc8 10. Nh2 Nd4 11. Bc4 c6 12. a3 Rb8 13. Bg3 Be6 14. f4 exf4 15.
Bxf4 Bxc4 16. dxc4 Ne6 17. Bg3 Rc8 18. e5 dxe5 19. Bxe5 Qxd1 20. Raxd1 Rfd8 21.
Nf3 Kf8 22. Nd4 Nxd4 23. Bxd4 b6 24. Bxf6 Bxf6 25. Rfe1 Bxc3 26. Rxd8+ Rxd8 27.
bxc3 c5 28. Kf1 Rd2 29. Re2 Rxe2 30. Kxe2 Ke7 31. Kd2 Ke6 32. Ke3 Ke5 33. a4 f5
34. g3 g5 35. Kf3 h5 36. Kf2 Ke4 37. Ke2 f4 38. Kf2 fxg3+ 39. Kxg3 Ke3 40. Kg2
Kf4 41. Kf2 g4 42. hxg4 hxg4 43. Kf1 Kf3 44. Kg1 g3 45. Kf1 g2+ 46. Kg1 a5 47.
Kh2 Kf2 0-1

[Event "11. Europa ch 2010 Femenino"]
[Site "Rijeka CRO"]
[Date "2010.03.16"]
[Round "10.1"]
[White "Cmilyte, Viktorija"]
[Black "Muzychuk, Anna"]
[Result "1-0"]
[WhiteElo "2485"]
[BlackElo "2533"]
[PlyCount "163"]
[EventDate "2010.03.06"]
[EventType "swiss"]
[EventRounds "11"]
[EventCountry "CRO"]
[Source "lmi"]
[SourceDate "2010.03.06"]

1. Nf3 c5 2. c4 Nc6 3. d4 cxd4 4. Nxd4 g6 5. e4 Bg7 6. Be3 Nf6 7. Nc3 d6 8. Be2
O-O 9. O-O Nxd4 10. Bxd4 Be6 11. b3 Nd7 12. Bxg7 Kxg7 13. Qd4+ f6 14. f4 Qb6
15. Qxb6 Nxb6 16. Bf3 Rad8 17. Rad1 Nd7 18. Rd2 a6 19. Re1 Rfe8 20. e5 dxe5 21.
Red1 b5 22. Bc6 bxc4 23. Bxd7 Bxd7 24. Rxd7 Rxd7 25. Rxd7 cxb3 26. axb3 exf4
27. Nd5 Kf7 28. Ra7 g5 29. b4 h5 30. Kf2 Rd8 31. Nxe7 Rd2+ 32. Kf1 Rb2 33. Nc6+
Kg6 34. Rxa6 Kf5 35. Ne7+ Ke5 36. Ra5+ Ke6 37. Nc6 Rb1+ 38. Ke2 Rb2+ 39. Kf3
Rb3+ 40. Ke2 Rb2+ 41. Kd3 Rxg2 42. b5 Kd6 43. Nd4 Rg1 44. Ra6+ Kc5 45. Rc6+ Kd5
46. Ne2 Rd1+ 47. Kc2 Ra1 48. Rxf6 Ke4 49. Ra6 Rh1 50. Nc3+ Ke5 51. Ra8 Kd6 52.
Rc8 Rxh2+ 53. Kb3 Kd7 54. Rf8 Rd2 55. Rf5 g4 56. Rxf4 Ke6 57. Rf8 g3 58. Rg8 h4
59. Ne4 Rd1 60. Kc4 Rc1+ 61. Kb4 Rb1+ 62. Kc5 Rb3 63. b6 Kf7 64. Rg4 Rb1 65.
Kc6 Rc1+ 66. Kd7 Rb1 67. Kc6 Rc1+ 68. Kb7 Ke6 69. Rxh4 g2 70. Ng5+ Kd7 71. Nf3
Rf1 72. Rd4+ Ke7 73. Rd2 Rxf3 74. Rxg2 Rb3 75. Rd2 Rb1 76. Kc7 Rc1+ 77. Kb8 Rb1
78. b7 Ra1 79. Rd4 Ke6 80. Kc7 Rc1+ 81. Kb6 Rb1+ 82. Kc6 1-0

[Event "11. Europa ch 2010 Femenino"]
[Site "Rijeka CRO"]
[Date "2010.03.16"]
[Round "10.8"]
[White "Zhukova, Natalia"]
[Black "Kovanova, Baira"]
[Result "1-0"]
[WhiteElo "2492"]
[BlackElo "2385"]
[PlyCount "85"]
[EventDate "2010.03.06"]
[EventType "swiss"]
[EventRounds "11"]
[EventCountry "CRO"]
[Source "lmi"]
[SourceDate "2010.03.06"]

1. d4 Nf6 2. c4 e6 3. Nf3 b6 4. g3 Ba6 5. Qc2 c5 6. d5 exd5 7. cxd5 g6 8. Bg2
Bg7 9. O-O O-O 10. Nc3 d6 11. Re1 Nbd7 12. Bf4 Qe7 13. h3 b5 14. a3 Rac8 15.
Qd2 Nb6 16. e4 Nc4 17. Qe2 Nd7 18. Bg5 f6 19. Bc1 Nb8 20. Qd1 Ne5 21. Nxe5 fxe5
22. Be3 Qb7 23. h4 Nd7 24. h5 gxh5 25. Qxh5 Nf6 26. Qh4 Rc7 27. Bh3 Qb8 28.
Be6+ Kh8 29. Kg2 Ng8 30. Rh1 Bf6 31. Qg4 Rg7 32. Qh3 Qc7 33. Bf5 Rff7 34. Qh5
Re7 35. Rh2 Ref7 36. Be6 Rf8 37. Bf5 Rff7 38. Qe2 Qb7 39. b4 Be7 40. Be6 Rf8
41. Rah1 c4 42. Qh5 Bd8 43. Bc8 1-0

[Event "11. Europa ch 2010 Femenino"]
[Site "Rijeka CRO"]
[Date "2010.03.16"]
[Round "10.9"]
[White "Khurtsidze, Nino"]
[Black "Hoang Thanh Trang"]
[Result "1/2-1/2"]
[WhiteElo "2434"]
[BlackElo "2487"]
[PlyCount "83"]
[EventDate "2010.03.06"]
[EventType "swiss"]
[EventRounds "11"]
[EventCountry "CRO"]
[Source "lmi"]
[SourceDate "2010.03.06"]

1. d4 e6 2. Nf3 f5 3. g3 Nf6 4. Bg2 Be7 5. O-O O-O 6. c4 d6 7. Nc3 Ne4 8. Qc2
Nxc3 9. bxc3 Nc6 10. e4 e5 11. dxe5 dxe5 12. Rb1 Qe8 13. Rd1 Qf7 14. Rd5 fxe4
15. Ng5 Qh5 16. h4 h6 17. Nxe4 Rb8 18. Be3 Bf5 19. Bc5 Bxc5 20. Rxc5 Qg6 21.
Re1 b6 22. Rb5 a6 23. Rb2 Na5 24. Qa4 Qf7 25. Bf1 Bd7 26. Qd1 Bc6 27. Qe2 Rbd8
28. Rd2 Bxe4 29. Rxd8 Rxd8 30. Qxe4 Rd2 31. Re2 Nxc4 32. Rxd2 Nxd2 33. Qa8+ Kh7
34. Bd3+ e4 35. Bxe4+ Nxe4 36. Qxe4+ Qg6 37. Qc4 b5 38. Qxc7 Qb1+ 39. Kg2 Qxa2
40. Qc6 Qa4 41. h5 Qa2 42. Qe4+ 1/2-1/2

[Event "11. Europa ch 2010 Femenino"]
[Site "Rijeka CRO"]
[Date "2010.03.16"]
[Round "10.12"]
[White "Skripchenko, Almira"]
[Black "Sedina, Elena"]
[Result "1-0"]
[WhiteElo "2456"]
[BlackElo "2334"]
[PlyCount "149"]
[EventDate "2010.03.06"]
[EventType "swiss"]
[EventRounds "11"]
[EventCountry "CRO"]
[Source "lmi"]
[SourceDate "2010.03.06"]

1. e4 e6 2. d3 d5 3. Nd2 Nf6 4. Ngf3 g6 5. g3 Bg7 6. Bg2 O-O 7. O-O c5 8. c3
Nc6 9. Re1 Kh8 10. exd5 exd5 11. Nb3 b6 12. Bf4 Be6 13. h3 h6 14. d4 c4 15.
Nbd2 b5 16. g4 Re8 17. Re3 b4 18. Qc2 bxc3 19. bxc3 Nd7 20. Rae1 Nb6 21. Bg3
Kg8 22. Nh4 Bd7 23. Rxe8+ Bxe8 24. Nf1 Bf6 25. Nf3 a5 26. Ne3 Ra7 27. Rb1 Bg7
28. Bh4 g5 29. Bg3 Ne7 30. Nf5 Nxf5 31. Qxf5 Bd7 32. Qc2 Ba4 33. Qc1 Re7 34.
Nd2 Re2 35. Bf3 Re8 36. Nf1 Bd7 37. Ne3 Be6 38. Rb5 Bf8 39. Rxa5 Nd7 40. Rb5
Nf6 41. Rb8 Qa5 42. Rxe8 Nxe8 43. Qb2 Nf6 44. Be5 Nd7 45. Bg3 Ba3 46. Qc2 Bf8
47. Kg2 Qb5 48. Nf5 Nb6 49. h4 Qd7 50. Ne3 Bd6 51. Bxd6 Qxd6 52. Nf5 Bxf5 53.
Qxf5 gxh4 54. a4 Qa3 55. Qf6 Nd7 56. Qf5 Nb6 57. Qf4 Nxa4 58. Bxd5 Qe7 59. Qf3
Nb6 60. Be4 Kg7 61. Kh3 Nd7 62. Bd5 Nb6 63. Bc6 Qd6 64. Qe4 Nd7 65. Bxd7 Qxd7
66. Kxh4 Qa7 67. Kg3 Qa3 68. Qe5+ Kg8 69. d5 Qc1 70. Qd4 Qg1+ 71. Kf3 h5 72. d6
Qh1+ 73. Ke2 hxg4 74. d7 Qf3+ 75. Kd2 1-0

[Event "11. Europa ch 2010 Femenino"]
[Site "Rijeka CRO"]
[Date "2010.03.16"]
[Round "10.13"]
[White "Muzychuk, Mariya"]
[Black "Bodnaruk, Anastasia"]
[Result "1/2-1/2"]
[WhiteElo "2444"]
[BlackElo "2384"]
[PlyCount "97"]
[EventDate "2010.03.06"]
[EventType "swiss"]
[EventRounds "11"]
[EventCountry "CRO"]
[Source "lmi"]
[SourceDate "2010.03.06"]

1. e4 c5 2. Nc3 d6 3. f4 Nc6 4. Nf3 g6 5. g3 Bg7 6. Bg2 e6 7. O-O Nge7 8. d3
O-O 9. Be3 Nd4 10. e5 Nef5 11. Bf2 Nxf3+ 12. Qxf3 Nd4 13. Qd1 dxe5 14. fxe5
Bxe5 15. Ne4 f5 16. Nxc5 Qc7 17. b4 Bg7 18. Re1 Nb5 19. a4 Bxa1 20. Qxa1 Nd6
21. Nxe6 Bxe6 22. Rxe6 Nf7 23. Bd5 Rad8 24. c4 Rxd5 25. cxd5 Ng5 26. Re2 Nh3+
27. Kg2 Nxf2 28. Rxf2 Qd6 29. Qd4 b6 30. Rc2 f4 31. Rc6 Qe7 32. Re6 Qg5 33. Qc3
Qxd5+ 34. Re4 Qa2+ 35. Kh3 fxg3 36. hxg3 Qf2 37. Qc4+ Kg7 38. Qd4+ Qxd4 39.
Rxd4 Rf7 40. Rd6 h5 41. d4 Rc7 42. b5 Rc4 43. Rd7+ Kh6 44. Rxa7 Rxd4 45. Ra6
Rb4 46. Rxb6 Rxa4 47. Rc6 Rb4 48. b6 Rb2 49. Rd6 1/2-1/2

[Event "11. Europa ch 2010 Femenino"]
[Site "Rijeka CRO"]
[Date "2010.03.16"]
[Round "10.14"]
[White "Ziaziulkina, Nastassia"]
[Black "Kovalevskaya, Ekaterina"]
[Result "1/2-1/2"]
[WhiteElo "2188"]
[BlackElo "2438"]
[PlyCount "123"]
[EventDate "2010.03.06"]
[EventType "swiss"]
[EventRounds "11"]
[EventCountry "CRO"]
[Source "lmi"]
[SourceDate "2010.03.06"]

1. e4 e5 2. Nf3 Nc6 3. Bb5 a6 4. Ba4 Nf6 5. O-O Be7 6. Re1 d6 7. c3 Bg4 8. h3
Bxf3 9. Qxf3 O-O 10. d3 Nd7 11. Be3 Bg5 12. Qg4 Bxe3 13. fxe3 b5 14. Bc2 Ne7
15. d4 c5 16. Nd2 Nf6 17. Qe2 Ng6 18. Qf2 Qb6 19. Nf1 Rac8 20. Ng3 Ne7 21. Rad1
b4 22. Bb1 bxc3 23. bxc3 cxd4 24. cxd4 Rc3 25. Bc2 Qb2 26. Bb3 Qxf2+ 27. Kxf2
h5 28. Kf3 g6 29. dxe5 dxe5 30. Rd6 Rc6 31. Red1 Rfc8 32. Ba4 Rxd6 33. Rxd6 Nh7
34. h4 a5 35. Ra6 Rc5 36. Nf1 g5 37. g3 Kg7 38. Bb3 Nc6 39. Rb6 g4+ 40. Ke2 Nf6
41. Nd2 Nd8 42. Rb8 Ne6 43. Rb7 Nc7 44. Ra7 Nfe8 45. Nc4 Kf8 46. Rxa5 Rxa5 47.
Nxa5 Nd6 48. Bc2 Ke8 49. Kd2 Kd7 50. Kc3 Na6 51. Nc4 Nb5+ 52. Kb3 f6 53. a4
Nbc7 54. Nd2 Kc6 55. Kc3 Nc5 56. Kc4 Ne8 57. Kc3 Nd6 58. Kb4 Na6+ 59. Kb3 Nc5+
60. Kc3 Kc7 61. Kb4 Kc6 62. Kc3 1/2-1/2

[Event "11. Europa ch 2010 Femenino"]
[Site "Rijeka CRO"]
[Date "2010.03.16"]
[Round "10.17"]
[White "Matveeva, Svetlana"]
[Black "Paehtz, Elisabeth"]
[Result "1/2-1/2"]
[WhiteElo "2373"]
[BlackElo "2486"]
[PlyCount "183"]
[EventDate "2010.03.06"]
[EventType "swiss"]
[EventRounds "11"]
[EventCountry "CRO"]
[Source "lmi"]
[SourceDate "2010.03.06"]

1. d4 g6 2. c4 Bg7 3. Nf3 d6 4. g3 Nf6 5. Bg2 O-O 6. O-O Bg4 7. h3 Bxf3 8. Bxf3
Nc6 9. e3 Nd7 10. Bg2 e5 11. dxe5 Bxe5 12. Nd2 Nc5 13. Nf3 Bg7 14. Nd4 Ne5 15.
b3 a5 16. Rb1 c6 17. Bd2 Re8 18. Qc2 Qc7 19. Rfd1 f5 20. Ne2 Nf7 21. Be1 Ne4
22. g4 Qe7 23. gxf5 gxf5 24. f3 Nc5 25. Bf2 Bh6 26. Ng3 Bxe3 27. Nxf5 Bxf2+ 28.
Qxf2 Qe5 29. Ng3 Ne6 30. Re1 Qf6 31. Qe3 Qf4 32. Ne4 Qxe3+ 33. Rxe3 Kg7 34. Kf2
d5 35. Nd2 Nf4 36. Rg1 Kf6 37. Bf1 h5 38. h4 a4 39. Rxe8 Rxe8 40. cxd5 cxd5 41.
Bb5 Nh3+ 42. Kf1 Rc8 43. Rg3 Nf4 44. bxa4 Nd6 45. Kf2 Rc2 46. Ke1 Rxa2 47. Bd7
Ra1+ 48. Kf2 Nd3+ 49. Ke2 Ne5 50. Bb5 Ra2 51. Kd1 Rb2 52. Rg8 Rb4 53. Rf8+ Ke7
54. Rh8 Rxh4 55. Ke2 Rh2+ 56. Kd1 Nef7 57. Rg8 Rh4 58. Rb8 Rb4 59. Bc6 Rd4 60.
Bb5 h4 61. Ke2 Nd8 62. Nf1 Rb4 63. Ne3 Rd4 64. Kf2 Rd2+ 65. Ke1 Rd4 66. Kf2
N8f7 67. Rxb7+ Nxb7 68. Nf5+ Kf6 69. Nxd4 Ke5 70. Ne2 Nfd6 71. Bc6 Na5 72. Bd7
Nf7 73. f4+ Ke4 74. Be6 Nd8 75. Bh3 d4 76. Bg2+ Kd3 77. f5 Kc4 78. Nf4 Kc5 79.
Ng6 Kd6 80. Nxh4 Ke5 81. Bf1 Ndc6 82. Bd3 Nb4 83. Nf3+ Kf6 84. Be4 Nb3 85. Ke2
Nc5 86. Nxd4 Nxe4 87. a5 Ke5 88. Ke3 Nc5 89. Nf3+ Kxf5 90. Kd4 Nb3+ 91. Kc4
Nxa5+ 92. Kxb4 1/2-1/2

[Event "11. Europa ch 2010 Femenino"]
[Site "Rijeka CRO"]
[Date "2010.03.16"]
[Round "10.19"]
[White "Charkhalashvili, Inga"]
[Black "Melia, Salome"]
[Result "1-0"]
[WhiteElo "2338"]
[BlackElo "2467"]
[PlyCount "99"]
[EventDate "2010.03.06"]
[EventType "swiss"]
[EventRounds "11"]
[EventCountry "CRO"]
[Source "lmi"]
[SourceDate "2010.03.06"]

1. d4 Nf6 2. c4 g6 3. Nc3 Bg7 4. e4 d6 5. f3 O-O 6. Be3 Nbd7 7. Bd3 c5 8. Nge2
cxd4 9. Nxd4 a6 10. O-O e6 11. Rc1 Qc7 12. Be2 b6 13. b4 Bb7 14. Nb3 Rfd8 15.
Qe1 Rac8 16. Qf2 Ba8 17. Rfd1 Rb8 18. Na4 Bf8 19. Kh1 Re8 20. Bf1 h6 21. Bd4
Bg7 22. Qd2 Red8 23. Be3 Kh7 24. Qxd6 Qxd6 25. Rxd6 Bf8 26. Rdd1 Bxb4 27. Nxb6
Nxb6 28. Rxd8 Rxd8 29. Bxb6 Rc8 30. c5 Bb7 31. Rd1 g5 32. Rd4 a5 33. Bxa5 Bxc5
34. Rd8 Ba7 35. Rxc8 Bxc8 36. Bc3 Kg6 37. a4 Nd7 38. Bb5 e5 39. Na5 f6 40. Nc6
Bc5 41. a5 Nf8 42. Bb4 Bxb4 43. Nxb4 Ne6 44. a6 Nc7 45. a7 Bb7 46. Bc6 Bxc6 47.
Nxc6 Kf7 48. Nb4 Ke6 49. Nd5 Na8 50. g4 1-0